REGIO Játék Kft. Költséggazdálkodásának Elemzése

Bibliographic Details
Main Author: Lakos Zoltán
Other Authors: Katz György
Format: Project work
Kulcsszavak:Költséggazdálkodás
Mérleg elemzés
Eredménykimutatás elemzés
STEEP
Online Access:http://dolgozattar.uni-bge.hu/15904

MARC

LEADER 00000nnm a2200000 i 4500
001 dolg15904
005 20180912140819.0
008 180510suuuu hu o 000 hun d
040 |a BGE Dolgozattár Repozitórium  |b hun 
041 |a hu 
100 1 |a Lakos Zoltán 
245 1 0 |a REGIO Játék Kft. Költséggazdálkodásának Elemzése  |c Lakos Zoltán  |h [elektronikus dokumentum] 
246 1 1 |a REGIO Játék Kft. Költséggazdálkodásának Elemzése 
516 |a Project_work 
695 |a Költséggazdálkodás 
695 |a Mérleg elemzés 
695 |a Eredménykimutatás elemzés 
695 |a STEEP 
700 1 |a Katz György  |e ths 
856 4 0 |u http://dolgozattar.uni-bge.hu/15904/1/Lakos%20Zolt%C3%A1n%20Projektmunka.pdf  |z Dokumentum-elérés